00536cam a22001337a 4500008004000000082003300040100002500073245006600098260004300164300001000207440006200217999001900279952010400298180718b1988 xxu||||| |||| 00| 0 eng d aA81x54 In2/81/1/Pt 5 A & B/7 aCensus of India 1981 aIndia: migration tables, migration (table D-9 to D-12 & D-14) aDelhibController of Publicationc1988 a693p. aCensus of India 1981. Series-1, India. Part V-A & B (vii) c481852d481852 00104070aIIPAbIIPAd2018-08-04oA81x54 In2/81/1/Pt 5 A & B/7pG17535r2018-08-04w2018-08-04yG